Dopytové funkcie a trhová rovnováha

Enregistré dans:
Détails bibliographiques
Auteur principal: Grisáková, Nora, 1978-
Collectivité auteur: Ekonomická univerzita v Bratislave. Fakulta podnikového manažmentu
Autres auteurs: Fendeková, Eleonora, 1952-, Goga, Marián
Format: Livre
Langue:slovaque
Publié: Bratislava Vydavateľstvo EKONÓM 2013
Édition:1. vyd.
Sujets:
Tags: Ajouter un tag
Pas de tags, Soyez le premier à ajouter un tag!

MARC

LEADER 00000nam a2200000 4500
001 0175525
005 20240502073008.4
020 |a 978-80-225-3620-2 
041 0 |a slo 
044 |a SK 
245 1 0 |a Dopytové funkcie a trhová rovnováha  |c Nora Grisáková ; recenzenti Eleonora Fendeková, Marián Goga 
250 |a 1. vyd. 
264 1 |a Bratislava  |b Vydavateľstvo EKONÓM  |c 2013 
300 |a 96 s. [6,17 AH] 
610 2 0 |a funkcie dopytové 
610 2 0 |a rovnováha trhová 
610 2 0 |a ponuka 
610 2 0 |a dopyt 
610 2 0 |a modelovanie 
610 2 0 |a modely dynamické 
610 2 0 |a reklama 
610 2 0 |a odhady 
100 1 |a Grisáková, Nora, 1978- 
700 1 |a Fendeková, Eleonora, 1952- 
700 1 |a Goga, Marián 
710 2 |a Ekonomická univerzita v Bratislave. Fakulta podnikového manažmentu